000 00346 a2200121 4500
005 20250417164250.0
020 _a0-02-194440-7
082 _a808. 06 MAC
245 _aEnglish and Western Literature
260 _aIllinois,
_bMacmillan,
_c1987.
300 _axviii, 973p., ill., map, picture, table,
_bIndex, glossary,
_c25cm.
942 _2ddc
_cBKS
999 _c1573
_d1573